000 00402nmm a2200145Ia 4500
008 251105s9999||||xx |||||||||||||||||und||
041 _aspa
100 _aRoa, Sebastian
245 0 _aEl caballero del alba
264 _a[Madrid, España] :
_bEdiciones B,
_c2015
300 _a496 páginas
650 _aHistorical fiction
856 _uhttps://public.digitaliapublishing.com/a/54270
942 _cCF
999 _c105457
_d105457